000
00311nam a2200133Ia 4500
008
100328s9999 xx 000 0 und d
082
_b
57386
100
_a
गवस राजन
245
_a
तणकट
260
_b
साकेत
630
_a
तणकट
730
_a
तणकट
942
_c
BOOK
999
_c
543837
_d
543834